| 000 | 00495nam a2200169Ia 4500 | ||
|---|---|---|---|
| 008 | 240729s9999 xx 000 0 und d | ||
| 022 | _a1996-8167 | ||
| 245 | 0 | _aConspectus | |
| 260 | _aSouth Africa | ||
| 260 | _bSouth African Theological Seminary | ||
| 650 | _a Practical religion. The Christian life | ||
| 650 | _a Practical Theology | ||
| 650 | _aPhilosophy. Psychology. Religion | ||
| 856 | _uhttps://doaj.org/toc/948d5030e0204529b1c41c33e778cfcd | ||
| 942 | _2ddc | ||
| 942 | _cDOAJEJ | ||
| 999 |
_c72367 _d72367 |
||
| 945 |
_a1 _bMadushi Gamage _c1 _dMadushi Gamage |
||